000 00668nam a22002297a 4500
003 UA-OsUOA
001 47595
007 ta
008 20120713b un ||||| |||| 00| 0 ukr d
090 _a94(477)
_bИ99
942 _cBK
040 _aUA-OsUOA
_bukr
_cUA-OsUOA
_dUA-OsUOA
245 _aІсторія українського війська.
300 _a832 с.
955 _a4
041 _aukr
080 _a94(477)
260 _aВінніпег
_c1953
650 7 _a9 Географія. Біографії. Історія
_2UDC
999 _c427705
_d427705